Writing for Academic Success (Record no. 351837)

000 -LEADER
fixed length control field 00500nam a22002057a 4500
003 - CONTROL NUMBER IDENTIFIER
control field OSt
005 - DATE AND TIME OF LATEST TRANSACTION
control field 20180116183056.0
008 - FIXED-LENGTH DATA ELEMENTS--GENERAL INFORMATION
fixed length control field 161007b xxu||||| |||| 00| 0 eng d
020 ## - INTERNATIONAL STANDARD BOOK NUMBER
International Standard Book Number 9780857029287
040 ## - CATALOGING SOURCE
Transcribing agency 0
082 ## - DEWEY DECIMAL CLASSIFICATION NUMBER
Classification number 808.066 CRA 2012
100 ## - MAIN ENTRY--PERSONAL NAME
Personal name Craswell,Gail
245 ## - TITLE STATEMENT
Title Writing for Academic Success
Statement of responsibility, etc. Gail Craswell
250 ## - EDITION STATEMENT
Edition statement 2nd ed.
260 ## - PUBLICATION, DISTRIBUTION, ETC.
Place of publication, distribution, etc. London
Name of publisher, distributor, etc. SAGE
Date of publication, distribution, etc. 2012
300 ## - PHYSICAL DESCRIPTION
Extent 248p.
Other physical details PB.
440 ## - SERIES STATEMENT/ADDED ENTRY--TITLE
Title Writing for Academic Success
500 ## - GENERAL NOTE
General note PB
942 ## - ADDED ENTRY ELEMENTS (KOHA)
Source of classification or shelving scheme
Koha item type Book
Holdings
Withdrawn status Lost status Source of classification or shelving scheme Damaged status Not for loan Collection code Permanent Location Current Location Shelving location Date acquired Total Checkouts Total Renewals Full call number Barcode Date last seen Date last checked out Price effective from Koha item type
            Central Library (CL) Central Library (CL) General Stacks 10/07/2016 3 11 808.066 CRA 2012 NBS10227 02/14/2025 10/24/2022 10/07/2016 Book
© 2023 Central Library, National University of Sciences and Technology. All Rights Reserved.